[Event "Mauricie op"]
[Site "Trois-Rivieres CAN"]
[Date "2014.03.14"]
[Round "1"]
[White "Cloutier, Mario"]
[Black "Lawson, Eric"]
[Result "0-1"]
[WhiteElo "2049"]
[BlackElo "2384"]
[PlyCount "68"]
[EventDate "2014.03.14"]
[EventType "swiss"]
[EventRounds "5"]
[EventCountry "CAN"]

1. d4 Nf6 2. c4 c5 3. d5 e6 4. Nc3 exd5 5. cxd5 d6 6. e4 g6 7. f4 Bg7 8. Bb5+
Nfd7 9. a4 O-O 10. Nf3 Na6 11. O-O Nb4 12. Re1 a6 13. Bf1 Re8 14. Be3 Nf6 15.
Bf2 Bg4 16. Rc1 Nd7 17. h3 Bxf3 18. Qxf3 Rc8 19. b3 Qa5 20. e5 dxe5 21. Ne4 f5
22. Nd6 e4 23. Qd1 Qc7 24. Nxe8 Rxe8 25. d6 Qc6 26. Bc4+ Kh8 27. Be3 b5 28.
axb5 axb5 29. Bf1 Re6 30. Bxc5 Nxc5 31. d7 Qxd7 32. Rxc5 Qd4+ 33. Qxd4 Bxd4+
34. Kh2 Bxc5 0-1

[Event "Mauricie op"]
[Site "Trois-Rivieres CAN"]
[Date "2014.03.15"]
[Round "2"]
[White "Lawson, Eric"]
[Black "Bolduc, Steve"]
[Result "1/2-1/2"]
[WhiteElo "2384"]
[BlackElo "2148"]
[PlyCount "102"]
[EventDate "2014.03.14"]
[EventType "swiss"]
[EventRounds "5"]
[EventCountry "CAN"]

1. e4 c5 2. Nf3 d6 3. d4 cxd4 4. Nxd4 Nf6 5. Nc3 a6 6. Bc4 e6 7. Bb3 Nbd7 8.
O-O Nc5 9. f4 Qc7 10. Qf3 b5 11. f5 e5 12. Nd5 Nxd5 13. Bxd5 Bb7 14. Ne2 Bxd5
15. exd5 Be7 16. Kh1 h6 17. Ng3 Bg5 18. b4 Nd7 19. Ne4 Nf6 20. Nxg5 hxg5 21.
Bxg5 Nd7 22. a4 bxa4 23. Rxa4 Qxc2 24. Ra5 f6 25. Be3 Qc3 26. Qe4 Rc8 27. Rxa6
Rc4 28. Rc6 Rxe4 29. Rxc3 Ke7 30. Rb1 Rb8 31. b5 Nc5 32. b6 Ra4 33. b7 Kd7 34.
Bxc5 dxc5 35. Rxc5 Ra7 36. Rcb5 Kc7 37. Kg1 Kd6 38. Kf2 Ra2+ 39. Kf3 Ra3+ 40.
Ke4 Ra4+ 41. R1b4 Ra2 42. Rb2 Ra4+ 43. R2b4 Ra2 44. Rc4 Ra7 45. Rb6+ Kd7 46.
Rcb4 Ra2 47. h3 Rxg2 48. Ra6 Rd2 49. Ra8 Kc7 50. Rxb8 Kxb8 51. Rb6 Rd4+ 1/2-1/2

[Event "Carnaval"]
[Site "Quebec CAN"]
[Date "2014.01.26"]
[Round "3"]
[White "Lawson, Eric"]
[Black "Chabot, Roland"]
[Result "1/2-1/2"]
[WhiteElo "2381"]
[BlackElo "2173"]
[PlyCount "130"]
[EventDate "2014.01.24"]
[EventType "swiss"]
[EventRounds "5"]
[EventCountry "CAN"]
[TimeControl "900+10"]

1. e4 c5 2. Nf3 e6 3. d4 cxd4 4. Nxd4 Nf6 5. Nc3 d6 6. g4 h6 7. h3 Nc6 8. Bg2
Bd7 9. Nde2 a6 10. O-O b5 11. a3 Be7 12. f4 Qb6+ 13. Kh2 Rc8 14. Qd3 O-O 15.
Be3 Qc7 16. Ng3 Rfd8 17. Qe2 Be8 18. Rad1 Na5 19. g5 hxg5 20. fxg5 Nh7 21. Qg4
Nc4 22. Bc1 Ne5 23. Qh4 a5 24. Rf2 b4 25. axb4 axb4 26. Nb1 Qa7 27. Rdf1 Qa2
28. Nd2 Bxg5 29. Qh5 g6 30. Qd1 Be3 31. Re2 Bh6 32. Ref2 Be3 33. Re2 Bh6 34.
Ref2 Bg7 35. Ne2 Nc4 36. Nxc4 Qxc4 37. Nf4 Be5 38. Kh1 Rb8 39. Nd3 Bg7 40. b3
Qc7 41. Bd2 Bc3 42. h4 Qe7 43. Qg4 Bxd2 44. Rxd2 e5 45. h5 Qg5 46. Qxg5 Nxg5
47. hxg6 fxg6 48. Nb2 Bc6 49. Re1 Kf7 50. Nc4 Ke7 51. Kg1 Ne6 52. Red1 Nd4 53.
Rxd4 exd4 54. Rxd4 Be8 55. Bf1 Bf7 56. Ne3 Rdc8 57. Bc4 Bxc4 58. Nxc4 Rxc4 59.
Rxc4 Ke6 60. Kf2 Rb5 61. Ke3 Rc5 62. Rxb4 Rxc2 63. Rb8 g5 64. Rg8 Rc3+ 65. Kd4
Rxb3 1/2-1/2

[Event "Carnaval"]
[Site "Quebec CAN"]
[Date "2014.01.26"]
[Round "4"]
[White "Hebert, Jean"]
[Black "Lawson, Eric"]
[Result "1/2-1/2"]
[WhiteElo "2430"]
[BlackElo "2381"]
[PlyCount "77"]
[EventDate "2014.01.24"]
[EventType "swiss"]
[EventRounds "5"]
[EventCountry "CAN"]
[TimeControl "900+10"]

1. c4 e5 2. Nc3 Nc6 3. Nf3 g6 4. d4 exd4 5. Nxd4 Bg7 6. Nxc6 bxc6 7. g3 Ne7 8.
Bg2 O-O 9. O-O Rb8 10. Qc2 c5 11. b3 d6 12. Bb2 Bb7 13. Bxb7 Rxb7 14. Rad1 Nc6
15. e3 f5 16. Qd2 Kh8 17. Nd5 Qd7 18. Nf4 Re8 19. Bxg7+ Qxg7 20. Qd5 Rb6 21.
Qg2 Re4 22. Nd5 Rb8 23. Rd2 Nb4 24. Nf4 a5 25. Rc1 a4 26. Ne2 axb3 27. axb3
Ree8 28. Nc3 Ra8 29. Na4 Qe7 30. Qf3 Qe4 31. Qd1 h5 32. Nc3 Qb7 33. h4 Ra3 34.
Ra1 Rea8 35. Na4 Rxa1 36. Qxa1+ Kh7 37. Qf6 Qc6 38. Qe7+ Kh6 39. Qg5+ 1/2-1/2

[Event "Montreal op"]
[Site "Montreal CAN"]
[Date "2009.09.11"]
[Round "1"]
[White "Le Duin, Thierry"]
[Black "Lawson, Eric"]
[Result "0-1"]
[WhiteElo "2051"]
[BlackElo "2388"]
[PlyCount "106"]
[EventDate "2009.09.11"]
[EventType "swiss"]
[EventRounds "5"]
[EventCountry "CAN"]

1. d4 Nf6 2. Nf3 b6 3. c3 Bb7 4. Bf4 d6 5. e3 Nh5 6. Bg5 h6 7. Bh4 g5 8. Nfd2
Ng7 9. Bg3 Nf5 10. Bb5+ Nd7 11. e4 Nxg3 12. hxg3 Bg7 13. Na3 a6 14. Bd3 b5 15.
Nc2 c5 16. d5 e6 17. dxe6 fxe6 18. Qh5+ Ke7 19. Ne3 Qe8 20. Qxe8+ Rhxe8 21. Rb1
c4 22. Bc2 Rf8 23. Ke2 Rf7 24. a3 Raf8 25. f3 Ne5 26. Rbf1 Kd8 27. g4 Kc7 28.
Rd1 Ng6 29. Ndf1 Nh4 30. Rh3 Kc6 31. Ng3 Kc5 32. Nh5 Be5 33. Rhh1 d5 34. exd5
exd5 35. Rxh4 gxh4 36. Nf5 Rxf5 37. Bxf5 a5 38. Rh1 b4 39. axb4+ axb4 40. cxb4+
Kxb4 41. Rxh4 Bc6 42. f4 Bxb2 43. Ng3 Bb5 44. Rxh6 d4 45. Rb6 d3+ 46. Kd1 Bd4
47. Rb7 Ra8 48. Ne4 Be3 49. Rxb5+ Kxb5 50. Nc3+ Kc5 51. Ke1 Ra1+ 52. Nd1 Bxf4
53. Be4 Kd4 0-1

[Event "Montreal op"]
[Site "Montreal CAN"]
[Date "2009.09.12"]
[Round "2"]
[White "Lawson, Eric"]
[Black "Ramaswamy, Kishor"]
[Result "0-1"]
[WhiteElo "2388"]
[BlackElo "2202"]
[PlyCount "104"]
[EventDate "2009.09.11"]
[EventType "swiss"]
[EventRounds "5"]
[EventCountry "CAN"]

1. b3 d5 2. Bb2 Nf6 3. Bxf6 exf6 4. d4 c6 5. e3 Bf5 6. Ne2 Bd6 7. a3 Qe7 8. Qc1
Nd7 9. Nd2 Bg6 10. g3 f5 11. Bg2 Nf6 12. c4 Ne4 13. cxd5 cxd5 14. Nxe4 fxe4 15.
O-O O-O 16. Qb2 Qe6 17. Rfc1 Rac8 18. Rxc8 Rxc8 19. Rc1 Rxc1+ 20. Qxc1 Bf5 21.
b4 Bh3 22. Bxh3 Qxh3 23. Qc2 Qd7 24. Qb3 Qb5 25. Nc3 Qc4 26. Qxc4 dxc4 27. Nxe4
a5 28. bxa5 f5 29. Nc3 Bxa3 30. Nd5 Kf7 31. Kf1 Ke6 32. Nf4+ Kd6 33. Ke2 Bb4
34. Nh5 g6 35. Nf6 h6 36. Ne8+ Kd7 37. Nf6+ Ke6 38. Ne8 Bxa5 39. d5+ Kxd5 40.
g4 fxg4 41. Nf6+ Ke6 42. Ne4 b5 43. f4 gxf3+ 44. Kxf3 b4 45. Ke2 b3 46. Kd1 Ke5
47. Nc5 Kd5 48. Na4 c3 49. e4+ Kd4 50. e5 Bb4 51. e6 Kd3 52. Kc1 Ba3+ 0-1

[Event "Quebec op"]
[Site "Montreal CAN"]
[Date "2007.07.20"]
[Round "1"]
[White "Pelletier, Jean"]
[Black "Lawson, Eric"]
[Result "0-1"]
[WhiteElo "1610"]
[BlackElo "2391"]
[PlyCount "72"]
[EventDate "2007.07.20"]
[EventType "swiss"]
[EventRounds "9"]
[EventCountry "CAN"]

1. b3 Nf6 2. Bb2 g6 3. e4 d6 4. Nc3 Bg7 5. Nd5 Nbd7 6. d3 O-O 7. Nf3 e5 8.
Nxf6+ Nxf6 9. h3 Nh5 10. Qd2 f5 11. exf5 gxf5 12. O-O-O Kh8 13. Be2 Nf4 14. g3
Nxe2+ 15. Qxe2 a5 16. a3 Bd7 17. Nd2 Re8 18. f3 c5 19. g4 f4 20. h4 a4 21. h5
h6 22. Rdg1 axb3 23. cxb3 d5 24. g5 hxg5 25. h6 Bf6 26. h7 Ra6 27. Nf1 b5 28.
Rh6 Rc6 29. Nh2 c4 30. dxc4 bxc4 31. b4 c3 32. Ba1 Qa8 33. Qa2 d4 34. a4 Bg7
35. Rxc6 Bxc6 36. Rxg5 Qxa4 0-1

[Event "Quebec op"]
[Site "Montreal CAN"]
[Date "2007.07.21"]
[Round "2"]
[White "Lawson, Eric"]
[Black "Rychagov, Andrey"]
[Result "0-1"]
[WhiteElo "2391"]
[BlackElo "2557"]
[PlyCount "130"]
[EventDate "2007.07.20"]
[EventType "swiss"]
[EventRounds "9"]
[EventCountry "CAN"]

1. e4 c5 2. Nf3 e6 3. d4 cxd4 4. Nxd4 a6 5. Bd3 Qc7 6. O-O Nf6 7. c4 d6 8. b3
g6 9. Bb2 Bg7 10. Nc3 O-O 11. Rc1 Nbd7 12. Kh1 b6 13. f4 Bb7 14. Qe2 Rfe8 15.
Bb1 Rac8 16. Nf3 Nh5 17. Qd2 Bh6 18. g3 Nhf6 19. Rcd1 Bf8 20. h3 Qb8 21. Kh2
Qa8 22. Qe3 Red8 23. e5 Ne8 24. Be4 Nc5 25. Bxb7 Qxb7 26. Ng5 h6 27. Nge4 Nxe4
28. Nxe4 d5 29. Nd6 Nxd6 30. exd6 Bg7 31. Bxg7 Kxg7 32. Qe5+ Kg8 33. cxd5 Rc2+
34. Kg1 b5 35. Rd4 exd5 36. f5 g5 37. Rf2 Rc1+ 38. Kg2 Qc6 39. Qxd5 Rxd6 40.
Qxc6 Rcxc6 41. Rxd6 Rxd6 42. g4 Kg7 43. Re2 Rd3 44. Kh2 Kf6 45. Kg2 a5 46. Kh2
a4 47. bxa4 bxa4 48. Kg2 a3 49. Kh2 Rd5 50. Kg2 Rb5 51. Kf3 Rb2 52. Ke3 h5 53.
gxh5 Kxf5 54. Rf2+ Rxf2 55. Kxf2 Ke5 56. Kf3 f5 57. Ke3 Kf6 58. Kd4 g4 59. hxg4
fxg4 60. Ke4 Kg5 61. Ke3 Kxh5 62. Ke2 Kh4 63. Kf2 Kh3 64. Kg1 Kg3 65. Kf1 Kh2
0-1

[Event "Quebec op"]
[Site "Montreal CAN"]
[Date "2007.07.22"]
[Round "3"]
[White "Ye, Ling Feng"]
[Black "Lawson, Eric"]
[Result "1-0"]
[WhiteElo "2141"]
[BlackElo "2391"]
[PlyCount "95"]
[EventDate "2007.07.20"]
[EventType "swiss"]
[EventRounds "9"]
[EventCountry "CAN"]

1. e4 c5 2. Nf3 Nc6 3. d4 cxd4 4. Nxd4 Nf6 5. Nc3 e5 6. Ndb5 d6 7. Bg5 a6 8.
Na3 b5 9. Bxf6 gxf6 10. Nd5 Bg7 11. Bd3 Ne7 12. Nxe7 Qxe7 13. O-O O-O 14. c4 f5
15. Qh5 Rb8 16. exf5 e4 17. Rae1 Bb7 18. Qg4 Rfe8 19. cxb5 d5 20. bxa6 Bc6 21.
a7 Rxb2 22. Rc1 exd3 23. Rxc6 Qe2 24. Qa4 Rxa2 25. Rb6 Bf8 26. Qxe8 Qxe8 27.
Rb8 Qe2 28. a8=Q Kg7 29. Qxd5 Rxa3 30. Qd4+ Kg8 31. Qb4 Qxf1+ 32. Kxf1 Ra1+ 33.
Qe1 Rxe1+ 34. Kxe1 f6 35. Kd2 Kg7 36. Kxd3 Bc5 37. f3 Bg1 38. h3 h5 39. g4 h4
40. Ke4 Bc5 41. f4 Ba3 42. Rb7+ Kh6 43. Rb6 Be7 44. Re6 Bd8 45. Re8 Ba5 46.
Rh8+ Kg7 47. Rxh4 Be1 48. Rh5 1-0

[Event "Quebec op"]
[Site "Montreal CAN"]
[Date "2007.07.23"]
[Round "4"]
[White "Lawson, Eric"]
[Black "Chabot, Roland"]
[Result "1-0"]
[WhiteElo "2391"]
[BlackElo "2251"]
[PlyCount "81"]
[EventDate "2007.07.20"]
[EventType "swiss"]
[EventRounds "9"]
[EventCountry "CAN"]

1. e4 c5 2. Nf3 e6 3. d4 cxd4 4. Nxd4 Nf6 5. Nc3 d6 6. g4 h6 7. g5 hxg5 8. Bxg5
Nc6 9. Nb3 a6 10. h4 Bd7 11. Qe2 Qc7 12. O-O-O O-O-O 13. Rh3 Kb8 14. Kb1 Be7
15. a3 Nh5 16. Be3 Na7 17. f4 Nc8 18. Qf2 Nf6 19. Be2 Bc6 20. Bf3 g6 21. Rhh1
d5 22. e5 Ne4 23. Bxe4 dxe4 24. Nd4 Rh5 25. Rh3 Rdh8 26. Rdh1 Bd8 27. Qe1 Ne7
28. Nxc6+ Qxc6 29. Nxe4 Nf5 30. Ng5 Bxg5 31. fxg5 Qc4 32. Bf2 Qg4 33. Rb3 Qc4
34. Rhh3 Rd8 35. Rb4 Qc6 36. Rb6 Qg2 37. Rhb3 Rd7 38. Rxa6 Qd5 39. Qb4 Qh1+ 40.
Ka2 Rh8 41. Qa5 1-0

[Event "Quebec op"]
[Site "Montreal CAN"]
[Date "2007.07.24"]
[Round "5"]
[White "Sambuev, Bator"]
[Black "Lawson, Eric"]
[Result "1-0"]
[WhiteElo "2482"]
[BlackElo "2391"]
[PlyCount "105"]
[EventDate "2007.07.20"]
[EventType "swiss"]
[EventRounds "9"]
[EventCountry "CAN"]

1. Nf3 d6 2. d4 Bg4 3. c4 Bxf3 4. exf3 c6 5. Nc3 Nf6 6. d5 g6 7. Bg5 Nbd7 8.
Qd2 Rc8 9. Be2 Bg7 10. h4 cxd5 11. cxd5 a6 12. Kf1 Qa5 13. a3 Ne5 14. Re1 h5
15. f4 Nc4 16. Bxc4 Rxc4 17. Rh3 O-O 18. f5 Qc7 19. b3 Rc5 20. Bxf6 exf6 21.
Ne4 Rc2 22. Qf4 Qd7 23. g4 hxg4 24. Qxg4 Qxf5 25. Qxf5 gxf5 26. Nxd6 f4 27. Rd3
f5 28. Nxf5 Rd8 29. Re4 Bf8 30. d6 f3 31. Rxf3 Rxd6 32. Nxd6 Bxd6 33. b4 Rd2
34. Re8+ Kg7 35. Rd8 Bxb4 36. Rxd2 Bxd2 37. Ke2 Ba5 38. Rd3 Bb6 39. Rb3 Bc5 40.
Rxb7 Bxa3 41. Ra7 Bc5 42. Rxa6 Be7 43. h5 Bg5 44. Kf3 Bc1 45. Kg4 Bh6 46. f4
Kh7 47. Ra7 Kg8 48. Kf5 Kg7 49. Rb7 Kg8 50. Kf6 Bg7+ 51. Ke7 Bd4 52. Ke8 f5 53.
Rf7 1-0

[Event "Quebec op"]
[Site "Montreal CAN"]
[Date "2007.07.25"]
[Round "6"]
[White "Jiang, Louie"]
[Black "Lawson, Eric"]
[Result "1/2-1/2"]
[WhiteElo "2133"]
[BlackElo "2391"]
[PlyCount "298"]
[EventDate "2007.07.20"]
[EventType "swiss"]
[EventRounds "9"]
[EventCountry "CAN"]

1. e4 c5 2. Nf3 Nc6 3. d4 cxd4 4. Nxd4 Nf6 5. Nc3 e5 6. Ndb5 d6 7. Bg5 a6 8.
Na3 b5 9. Bxf6 gxf6 10. Nd5 f5 11. c3 Bg7 12. Bd3 Ne7 13. Nxe7 Qxe7 14. O-O O-O
15. Nc2 Rb8 16. Qe2 fxe4 17. Bxe4 f5 18. Bd5+ Kh8 19. Nb4 Qc7 20. a4 e4 21.
axb5 axb5 22. Ra3 Be5 23. Rfa1 Qg7 24. Qh5 Bd7 25. Ra7 Rf6 26. Ra8 Rbf8 27.
Rxf8+ Rxf8 28. Ra7 Be8 29. Rxg7 Bxh5 30. Rb7 Be2 31. g3 h5 32. Ra7 h4 33. Re7
hxg3 34. hxg3 Rf6 35. Re6 Rf8 36. Re7 Bf3 37. Nd3 Rf6 38. Nxe5 dxe5 39. Re6 Rf8
40. Kf1 Kg7 41. Bb3 Rh8 42. Ke1 Rh1+ 43. Kd2 Rf1 44. Rxe5 Rxf2+ 45. Ke3 Rxb2
46. Rxb5 Bg4 47. Kf4 Kf6 48. Rb6+ Ke7 49. Ke5 e3 50. Re6+ Kd7 51. Ba4+ Kc7 52.
Re7+ Kb6 53. Kf4 e2 54. Bd7 Rb1 55. Bxf5 Bxf5 56. Rxe2 Bd7 57. Re3 Rg1 58. Ke5
Kc5 59. Ke4 Rf1 60. Kd3 Rf2 61. Re5+ Kd6 62. Rg5 Bc6 63. c4 Rf1 64. c5+ Ke6 65.
Rg6+ Kd7 66. Rg7+ Kc8 67. g4 Rd1+ 68. Kc4 Bd7 69. g5 Kc7 70. Re7 Rg1 71. Re5
Kc6 72. Kd4 Rg4+ 73. Ke3 Kb5 74. Kd3 Bc6 75. Ke3 Kc4 76. Rf5 Rg3+ 77. Kf4 Rg1
78. Ke5 Kxc5 79. Kf6+ Kd6 80. Rf2 Be4 81. Rd2+ Kc5 82. Rf2 Kd4 83. Rd2+ Ke3 84.
Rb2 Rc1 85. Rb6 Kf4 86. g6 Rg1 87. Kf7 Bd5+ 88. Kf6 Be4 89. Kf7 Kg5 90. g7 Bd5+
91. Kf8 Rf1+ 92. Ke8 Bg8 93. Rd6 Rf5 94. Rd1 Ra5 95. Rg1+ Kf6 96. Kd7 Ra6 97.
Rg3 Kf7 98. Kc7 Bh7 99. g8=Q+ Bxg8 100. Rf3+ Ke7 101. Re3+ Be6 102. Re2 Ra1
103. Rc2 Ra8 104. Rd2 Rc8+ 105. Kb6 Bd7 106. Re2+ Kd8 107. Rd2 Rc6+ 108. Kb7
Rc5 109. Rb2 Rd5 110. Rb6 Ke7 111. Rh6 Rb5+ 112. Kc7 Rc5+ 113. Kb6 Rc4 114. Rh2
Be6 115. Kb5 Kd6 116. Rd2+ Bd5 117. Rh2 Rc3 118. Rh6+ Be6 119. Kb4 Rb3+ 120.
Ka4 Rb8 121. Ka3 Rb7 122. Rg6 Ke5 123. Rg1 Bc4 124. Rd1 Ke4 125. Rd8 Bd5 126.
Rh8 Kd4 127. Rh4+ Kc5 128. Rh5 Rb3+ 129. Ka4 Rb2 130. Rh3 Ra2+ 131. Ra3 Rb2
132. Rg3 Rb8 133. Ka3 Bc4 134. Re3 Kd4 135. Rg3 Bd3 136. Ka4 Kc3 137. Rg5 Rb6
138. Re5 Ra6+ 139. Ra5 Re6 140. Rg5 Kc4 141. Ka3 Ra6+ 142. Kb2 Kb4 143. Rg8 Re6
144. Rb8+ Bb5 145. Rc8 Re7 146. Rc2 Bc4 147. Rh2 Ra7 148. Kb1 Kc3 149. Rc2+ Kd3
1/2-1/2

[Event "Quebec op"]
[Site "Montreal CAN"]
[Date "2007.07.26"]
[Round "7"]
[White "Lawson, Eric"]
[Black "Nicula, Marius"]
[Result "1/2-1/2"]
[WhiteElo "2391"]
[BlackElo "2126"]
[PlyCount "82"]
[EventDate "2007.07.20"]
[EventType "swiss"]
[EventRounds "9"]
[EventCountry "CAN"]

1. e4 e6 2. d4 d5 3. Nd2 Nf6 4. e5 Nfd7 5. c3 c5 6. Bd3 Nc6 7. Ne2 cxd4 8. cxd4
f6 9. exf6 Nxf6 10. Nf3 Bd6 11. O-O Qc7 12. b3 O-O 13. Bb2 Bd7 14. Rc1 Ng4 15.
Ng3 Bf4 16. Rc2 Qd8 17. Re2 g6 18. h3 Nh6 19. a3 Nf7 20. Rfe1 Ng5 21. Ne5 Nxe5
22. dxe5 Qb6 23. Nf1 Bb5 24. Bxb5 Qxb5 25. Ne3 h5 26. a4 Qd7 27. h4 Nf7 28. Nc4
Qd8 29. Nd6 Qxh4 30. g3 Qg4 31. Kg2 Ng5 32. Qd3 Qh3+ 33. Kg1 Bxg3 34. Qxg6+ Kh8
35. Qh6+ Nh7 36. fxg3 Qxg3+ 37. Rg2 Qxe1+ 38. Kh2 Qh4+ 39. Kg1 Qe1+ 40. Kh2
Qh4+ 41. Kg1 Qe1+ 1/2-1/2

[Event "Quebec op"]
[Site "Montreal CAN"]
[Date "2007.07.28"]
[Round "9"]
[White "Morin, Yves"]
[Black "Lawson, Eric"]
[Result "0-1"]
[WhiteElo "2226"]
[BlackElo "2391"]
[PlyCount "104"]
[EventDate "2007.07.20"]
[EventType "swiss"]
[EventRounds "9"]
[EventCountry "CAN"]

1. Nf3 d6 2. d4 Bg4 3. e3 Nf6 4. Be2 Nbd7 5. c4 c6 6. Nc3 e5 7. h3 Bh5 8. Ng5
Bg6 9. Bd3 Qa5 10. O-O Be7 11. Qc2 a6 12. Rd1 b5 13. Bxg6 hxg6 14. b3 Rc8 15.
Nce4 Nxe4 16. Nxe4 f5 17. Ng3 e4 18. a3 Bf6 19. Bb2 Kf7 20. b4 Qb6 21. Qb3 bxc4
22. Qxc4+ d5 23. Qc2 Qb8 24. Qa4 Qb7 25. Rac1 Nb6 26. Qb3 Nc4 27. Rxc4 dxc4 28.
Qxc4+ Kf8 29. Ne2 Qb5 30. Qc2 g5 31. Re1 Kf7 32. Rc1 Kg6 33. Nc3 Qb8 34. Na4 g4
35. hxg4 Qh2+ 36. Kf1 Qh1+ 37. Ke2 Qxg2 38. gxf5+ Kxf5 39. Rf1 Rh3 40. Nc5 Bg5
41. Bc1 Qf3+ 42. Ke1 Rf8 43. Qc4 Rf6 44. d5 Rd6 45. Ne6 Bf6 46. Nf4 Rh1 47.
Qxa6 Rxf1+ 48. Kxf1 Bh4 49. Qc8+ Kg5 50. Nh3+ Kg6 51. Nf4+ Kh7 52. Qf5+ Kh6 0-1

[Event "Mauricie ch"]
[Site "Trois-Rivieres CAN"]
[Date "2007.03.16"]
[Round "1"]
[White "Lawson, Eric"]
[Black "Benoit-Deschamps, Jean-Marc"]
[Result "1-0"]
[WhiteElo "2401"]
[BlackElo "2060"]
[PlyCount "77"]
[EventDate "2007.03.16"]
[EventType "swiss"]
[EventRounds "5"]
[EventCountry "CAN"]

1. e4 c5 2. Nf3 d6 3. d4 cxd4 4. Nxd4 Nf6 5. Nc3 g6 6. Be3 Bg7 7. f3 Nc6 8. Qd2
O-O 9. O-O-O d5 10. Kb1 Nxd4 11. e5 Nf5 12. exf6 Bxf6 13. Nxd5 Be6 14. Nxf6+
exf6 15. Bc5 Qxd2 16. Rxd2 Rfc8 17. Bf2 Rd8 18. Rxd8+ Rxd8 19. Bd3 Nd4 20. Rd1
Nc6 21. b3 Bf5 22. Be2 Rxd1+ 23. Bxd1 Kf8 24. Kb2 Ke7 25. Be2 Kd7 26. a3 Be6
27. c4 f5 28. Kc3 Kd6 29. b4 a6 30. a4 Kc7 31. b5 Ne7 32. Kd4 f6 33. Bg3+ Kb6
34. Bd6 Nc8 35. c5+ Ka5 36. Bc7+ Kxa4 37. c6 bxc6 38. b6 Nxb6 39. Bxb6 1-0

[Event "Mauricie ch"]
[Site "Trois-Rivieres CAN"]
[Date "2007.03.17"]
[Round "2"]
[White "Prahov, Valentin"]
[Black "Lawson, Eric"]
[Result "1/2-1/2"]
[WhiteElo "2166"]
[BlackElo "2401"]
[PlyCount "39"]
[EventDate "2007.03.16"]
[EventType "swiss"]
[EventRounds "5"]
[EventCountry "CAN"]

1. e4 c5 2. d4 cxd4 3. c3 dxc3 4. Nxc3 e6 5. Bc4 a6 6. Nf3 Nc6 7. O-O Nge7 8.
Bg5 f6 9. Be3 Ng6 10. Qe2 b5 11. Bb3 Na5 12. Rfd1 Nxb3 13. axb3 Bb7 14. Rd2 Bb4
15. Rad1 Qe7 16. h4 h5 17. Rxd7 Qxd7 18. Rxd7 Kxd7 19. Qd3+ Kc7 20. Qd4 1/2-1/2

[Event "Mauricie ch"]
[Site "Trois-Rivieres CAN"]
[Date "2007.03.17"]
[Round "3"]
[White "Lawson, Eric"]
[Black "Caire, Francois"]
[Result "1-0"]
[WhiteElo "2401"]
[BlackElo "2217"]
[PlyCount "97"]
[EventDate "2007.03.16"]
[EventType "swiss"]
[EventRounds "5"]
[EventCountry "CAN"]

1. d4 Nf6 2. Bg5 d5 3. Bxf6 exf6 4. e3 Bd6 5. Bd3 f5 6. Qf3 g6 7. Nd2 c6 8.
O-O-O Nd7 9. h3 Nf6 10. Kb1 b5 11. Ne2 Bd7 12. Nc1 h5 13. Qe2 Ne4 14. Nf1 Qh4
15. g3 Qe7 16. h4 O-O 17. c3 Be6 18. Qe1 b4 19. f3 Nf6 20. Rh2 Rab8 21. Rc2
bxc3 22. Qxc3 Rfc8 23. Qe1 Nd7 24. Nb3 c5 25. dxc5 Nxc5 26. Nd4 Na4 27. Rxc8+
Bxc8 28. b3 Bd7 29. Rc1 Bb4 30. Qf2 Bc3 31. Rc2 Qa3 32. f4 Kg7 33. Nh2 Rc8 34.
Ba6 Rb8 35. Nhf3 Nc5 36. Rxc3 Ne4 37. Qb2 Qxa6 38. Rc7 Kg8 39. Qe2 Qa5 40. Qc2
Bb5 41. Kb2 Bc4 42. Rd7 Qa6 43. Ne5 Nc5 44. Rxf7 Nd3+ 45. Nxd3 Kxf7 46. Ka1
Bxd3 47. Qc7+ Kf6 48. Qxb8 Qa5 49. Qf8# 1-0

[Event "Mauricie ch"]
[Site "Trois-Rivieres CAN"]
[Date "2007.03.18"]
[Round "4"]
[White "Lawson, Eric"]
[Black "Bolduc, Steve"]
[Result "1/2-1/2"]
[WhiteElo "2401"]
[BlackElo "2292"]
[PlyCount "73"]
[EventDate "2007.03.16"]
[EventType "swiss"]
[EventRounds "5"]
[EventCountry "CAN"]

1. e4 c5 2. Nf3 d6 3. Bb5+ Bd7 4. Bxd7+ Qxd7 5. c4 g6 6. Nc3 Bg7 7. d4 Nc6 8.
Be3 cxd4 9. Nxd4 Nf6 10. f3 Nxd4 11. Bxd4 O-O 12. O-O Qc6 13. b3 Rfe8 14. Rc1
Nd7 15. Bxg7 Kxg7 16. Qd4+ Kg8 17. Kh1 a6 18. f4 Rac8 19. f5 Qc5 20. Qd2 Qe5
21. Rf3 b5 22. fxg6 fxg6 23. cxb5 axb5 24. a3 Nf6 25. Rcf1 Rf8 26. Qd3 d5 27.
exd5 Ng4 28. Rxf8+ Rxf8 29. Rxf8+ Kxf8 30. Qg3 Qd4 31. h3 Ne3 32. Qf2+ Kg7 33.
Nxb5 Qd1+ 34. Qg1 Qxb3 35. d6 exd6 36. Nxd6 Qxa3 37. Ne4 1/2-1/2

[Event "Mauricie ch"]
[Site "Trois-Rivieres CAN"]
[Date "2007.03.18"]
[Round "5"]
[White "Larochelle, Martial"]
[Black "Lawson, Eric"]
[Result "0-1"]
[WhiteElo "2188"]
[BlackElo "2401"]
[PlyCount "78"]
[EventDate "2007.03.16"]
[EventType "swiss"]
[EventRounds "5"]
[EventCountry "CAN"]

1. Nf3 d6 2. d4 Bg4 3. c4 Bxf3 4. exf3 c6 5. Nc3 Nf6 6. d5 g6 7. Be3 Bg7 8. Qd2
Nbd7 9. Be2 a6 10. O-O O-O 11. Rfe1 cxd5 12. cxd5 Rc8 13. Rad1 Re8 14. Bf1 Qa5
15. Bh6 Bxh6 16. Qxh6 Nb6 17. Qd2 Na4 18. Nxa4 Qxa4 19. b3 Qd7 20. Rc1 Rxc1 21.
Rxc1 Rc8 22. Rxc8+ Qxc8 23. Bd3 Nxd5 24. g3 Nf6 25. Qb4 Qc7 26. f4 e6 27. a4
Nd5 28. Qe4 a5 29. Bc4 Nf6 30. Qd4 Nd7 31. h4 Qc5 32. Qd1 Nf6 33. Qf3 d5 34.
Bb5 h5 35. Kg2 Qc2 36. Kg1 Qd2 37. Bf1 Ne4 38. Bd3 Qe1+ 39. Kg2 Nd2 0-1

[Event "Carnaval"]
[Site "Quebec CAN"]
[Date "2007.02.24"]
[Round "2"]
[White "Lawson, Eric"]
[Black "Bourassa, Samuel"]
[Result "1-0"]
[WhiteElo "2399"]
[BlackElo "2029"]
[PlyCount "71"]
[EventDate "2007.02.23"]
[EventType "swiss"]
[EventRounds "5"]
[EventCountry "CAN"]

1. d4 Nf6 2. Bg5 d5 3. Bxf6 exf6 4. e3 Bf5 5. Nd2 Bd6 6. Ne2 Nd7 7. a3 Rc8 8.
c4 c6 9. cxd5 cxd5 10. Nc3 Be6 11. g3 f5 12. Bg2 Nf6 13. Qa4+ Qd7 14. Qxa7 O-O
15. Qb6 Rfd8 16. O-O g5 17. f4 h6 18. Nf3 Ne4 19. Nxe4 fxe4 20. Ne5 Qc7 21.
Qxc7 Rxc7 22. f5 Bd7 23. Nxd7 Rdxd7 24. Rac1 Rxc1 25. Rxc1 Rc7 26. Rxc7 Bxc7
27. Bf1 Kf8 28. f6 Bd8 29. Bh3 Bxf6 30. Bc8 Ke7 31. Bxb7 Kd6 32. g4 Bd8 33. b4
Ke6 34. Kf2 Be7 35. Ke2 Bd6 36. h3 1-0

[Event "Carnaval"]
[Site "Quebec CAN"]
[Date "2007.02.25"]
[Round "4"]
[White "Lawson, Eric"]
[Black "Auger, Bertrand"]
[Result "1-0"]
[WhiteElo "2399"]
[BlackElo "1987"]
[PlyCount "61"]
[EventDate "2007.02.23"]
[EventType "swiss"]
[EventRounds "5"]
[EventCountry "CAN"]

1. e4 e6 2. d4 d5 3. Nd2 dxe4 4. Nxe4 Bd7 5. Nf3 Bc6 6. Bd3 Nd7 7. O-O Ngf6 8.
Ned2 Be7 9. b3 O-O 10. Bb2 Nd5 11. Re1 Nf4 12. Bf1 Ng6 13. g3 Re8 14. c4 Bb4
15. Re3 a5 16. a3 Bf8 17. Qc2 Nf6 18. Rae1 Qd7 19. Bh3 Bxf3 20. Nxf3 c6 21. Ne5
Nxe5 22. dxe5 Nh5 23. Bg4 g6 24. Bxh5 gxh5 25. Qe2 Bc5 26. Rd3 Qe7 27. Qxh5
Rad8 28. Rf3 Qf8 29. Re4 Rd7 30. Rh4 h6 31. Kg2 1-0

[Event "Carnaval"]
[Site "Quebec CAN"]
[Date "2007.02.25"]
[Round "5"]
[White "Masse, Hugues"]
[Black "Lawson, Eric"]
[Result "0-1"]
[WhiteElo "2268"]
[BlackElo "2399"]
[PlyCount "76"]
[EventDate "2007.02.23"]
[EventType "swiss"]
[EventRounds "5"]
[EventCountry "CAN"]

1. d4 Nf6 2. c4 c5 3. d5 e6 4. Nc3 exd5 5. cxd5 d6 6. e4 g6 7. Bd3 Bg7 8. h3
O-O 9. Nf3 Nh5 10. O-O Nd7 11. Re1 Re8 12. g4 Nhf6 13. Bf4 h5 14. gxh5 Nxh5 15.
Bxd6 Ne5 16. Bxe5 Bxe5 17. Bb5 Re7 18. d6 Qxd6 19. Qxd6 Bxd6 20. Rad1 Bc7 21.
Nd5 Kf8 22. Nxe7 Kxe7 23. Rc1 b6 24. Bc6 Rb8 25. h4 Nf4 26. Rc3 a5 27. a4 Ba6
28. Bb5 Bxb5 29. axb5 Rd8 30. b3 Ke6 31. Ng5+ Ke7 32. Nf3 Ke6 33. Ng5+ Ke7 34.
e5 Rd1 35. Rce3 Rd2 36. Kh2 Nd5 37. R1e2 Nxe3 38. Rxd2 Nf1+ 0-1